[Event "CAN-ch U12"]
[Site "Windsor"]
[Date "2015.07.08"]
[Round "4.68"]
[White "Bhaskar, Anitej"]
[Black "Nguyen, Jonathan"]
[Result "1-0"]
[WhiteElo "736"]
[BlackElo "1349"]
[PlyCount "109"]
[EventDate "2015.07.06"]
[EventType "swiss"]
[EventRounds "7"]
[EventCountry "CAN"]
[SourceTitle "EXT 2022"]
[Source "ChessBase"]
[SourceDate "2021.10.06"]
[SourceVersion "1"]
[SourceVersionDate "2021.10.06"]
[SourceQuality "1"]

1. e4 e5 2. Nf3 Nc6 3. Bc4 Nf6 4. Ng5 Rg8 5. Bxf7+ Ke7 6. Bxg8 h6 7. Nc3 Nxg8 8. Nf3 d6 9. h3 g5 10. d3 g4 11. Ng1 gxh3 12. Nxh3 Bxh3 13. Rxh3 Nf6 14. Be3 d5 15. exd5 Nxd5 16. Qd2 Nxc3 17. Qxc3 Bg7 18. Bxh6 Bf6 19. 0-0-0 e4 20. Qa3+ Ke8 21. dxe4 Qe7 22. Qxe7+ Kxe7 23. f4 Rd8 24. Rxd8 Nxd8 25. Bg5 Nc6 26. Rh7+ Ke6 27. Bxf6 Kxf6 28. Rxc7 Na5 29. Rd7 Ke6 30. Rd1 Nc4 31. Rf1 Ne3 32. Rf2 Ng4 33. Rf3 Nh2 34. Rb3 b6 35. Kd2 Kf6 36. Ke3 Ng4+ 37. Kf3 Nh2+ 38. Kf2 Kg6 39. Rg3+ Kf6 40. Kg1 Ke6 41. Kxh2 a5 42. f5+ Ke5 43. Re3 Kd4 44. Rb3 Kc5 45. f6 a4 46. Rc3+ Kd4 47. f7 b5 48. f8Q b4 49. Qxb4+ Ke5 50. Qxa4 Kf4 51. e5+ Kxe5 52. Rc5+ Kd6 53. Rb5 Kc6 54. Qa6+ Kc7 55. Rb7+ 1-0

[Event "CAN-ch U12"]
[Site "Windsor"]
[Date "2015.07.07"]
[Round "3.65"]
[White "Nguyen, Jonathan"]
[Black "Asemota, Eghosa"]
[Result "0-1"]
[WhiteElo "1349"]
[BlackElo "732"]
[PlyCount "66"]
[EventDate "2015.07.06"]
[EventType "swiss"]
[EventRounds "7"]
[EventCountry "CAN"]
[SourceTitle "EXT 2022"]
[Source "ChessBase"]
[SourceDate "2021.10.06"]
[SourceVersion "1"]
[SourceVersionDate "2021.10.06"]
[SourceQuality "1"]

1. e3 e6 2. a4 d6 3. h4 Nf6 4. Nc3 Nc6 5. Bb5 Bd7 6. Bxc6 Bxc6 7. Nf3 Be7 8. b3 0-0 9. Ba3 h6 10. d4 a6 11. Qe2 Bd7 12. 0-0-0 d5 13. e4 Bxa3+ 14. Kb1 Bc6 15. e5 Bb4 16. Qe3 Ng4 17. Qf4 Bxc3 18. Qxg4 Qe7 19. Rh3 Qa3 20. Qxg7+ Kxg7 21. Rg3+ Kh7 22. Ng5+ Kg6 23. Rxc3 hxg5 24. g4 b5 25. h5+ Kh6 26. Rxc6 Rfc8 27. Rd3 a5 28. Rf3 Rab8 29. Rf6+ Kg7 30. h6+ Kf8 31. h7 Ke7 32. h8Q Rxh8 33. Rf3 Rh1# 0-1